[Event "General Pico op"]
[Site "General Pico"]
[Date "2019.04.07"]
[Round "6"]
[White "Leskovar, Matias"]
[Black "Leskovar, Mario Leopoldo"]
[Result "0-1"]
[WhiteElo "2285"]
[BlackElo "2225"]
[PlyCount "66"]
[EventDate "2019.04.05"]
[EventType "swiss"]
[EventRounds "6"]
[EventCountry "ARG"]
[SourceTitle "CBM 190 Extra"]
[Source "ChessBase"]
[SourceDate "2019.07.15"]
[SourceVersion "1"]
[SourceVersionDate "2019.07.15"]
[SourceQuality "1"]

1. e4 e6 2. d4 d5 3. Nc3 Bb4 4. e5 Ne7 5. a3 Bxc3+ 6. bxc3 b6 7. Qg4 Ng6 8. Bd3 Ba6 9. Ne2 Qd7 10. a4 Bxd3 11. cxd3 Nc6 12. 0-0 0-0-0 13. f4 h5 14. Qh3 Nce7 15. a5 Kb7 16. Bb2 h4 17. c4 c6 18. Rfb1 Nf5 19. Bc3 b5 20. a6+ Ka8 21. cxb5 cxb5 22. Bb4 Rb8 23. Qf3 Rhc8 24. Bc5 f6 25. Qf2 Rc6 26. g4 hxg3 27. hxg3 Nh6 28. Kg2 Qc8 29. exf6 gxf6 30. Qe1 e5 31. fxe5 Qg4 32. Rb2 fxe5 33. Qh1 Nf5 0-1

[Event "General Pico op"]
[Site "General Pico"]
[Date "2019.04.06"]
[Round "4"]
[White "Leskovar, Matias"]
[Black "Llanos, Joaquin"]
[Result "1-0"]
[WhiteElo "2285"]
[BlackElo "1646"]
[PlyCount "91"]
[EventDate "2019.04.05"]
[EventType "swiss"]
[EventRounds "6"]
[EventCountry "ARG"]
[SourceTitle "CBM 190 Extra"]
[Source "ChessBase"]
[SourceDate "2019.07.15"]
[SourceVersion "1"]
[SourceVersionDate "2019.07.15"]
[SourceQuality "1"]

1. d4 Nf6 2. Bg5 e6 3. Nd2 d5 4. Ngf3 c5 5. e3 Nc6 6. c3 h6 7. Bh4 a6 8. Bd3 c4 9. Bc2 Bd6 10. e4 Be7 11. 0-0 0-0 12. e5 Nh7 13. Bxe7 Nxe7 14. Re1 g6 15. Nf1 Nf5 16. Ne3 Kg7 17. g4 Nh4 18. Nxh4 Qxh4 19. Ng2 Qe7 20. f4 f5 21. Re3 Rh8 22. Rg3 Bd7 23. gxf5 exf5 24. Qh5 Qf7 25. Nh4 g5 26. Nxf5+ Bxf5 27. Qxf7+ Kxf7 28. Bxf5 gxf4 29. Rf3 Rhg8+ 30. Kh1 Ng5 31. Rxf4 Ke7 32. h4 Rh8 33. Raf1 Raf8 34. R4f2 Nf7 35. Bh3 Rhg8 36. Kh2 h5 37. Rf6 Nd8 38. Rxf8 Rxf8 39. Rxf8 Kxf8 40. Bg2 Nf7 41. Bxd5 Nh6 42. Be6 Ke7 43. d5 b5 44. Kg3 a5 45. Kf4 b4 46. a3 1-0

[Event "General Pico op"]
[Site "General Pico"]
[Date "2019.04.06"]
[Round "3"]
[White "Romero Barreto, Jaime Jose"]
[Black "Leskovar, Matias"]
[Result "1-0"]
[WhiteElo "2337"]
[BlackElo "2285"]
[PlyCount "111"]
[EventDate "2019.04.05"]
[EventType "swiss"]
[EventRounds "6"]
[EventCountry "ARG"]
[SourceTitle "CBM 190 Extra"]
[Source "ChessBase"]
[SourceDate "2019.07.15"]
[SourceVersion "1"]
[SourceVersionDate "2019.07.15"]
[SourceQuality "1"]

1. e4 e5 2. Nf3 Nc6 3. Bc4 Nf6 4. d3 h6 5. c3 Be7 6. 0-0 0-0 7. Re1 d6 8. a3 Nh7 9. d4 Bg4 10. Be2 Bxf3 11. Bxf3 Bg5 12. Be3 Qf6 13. d5 Nd8 14. c4 Qe7 15. Bg4 g6 16. Qc2 Nf6 17. Bh3 Nh5 18. Nd2 Ng7 19. Rac1 c5 20. dxc6 Nxc6 21. b4 Ne6 22. Nf3 Ncd4 23. Nxd4 Nxd4 24. Qd3 a5 25. f4 Bf6 26. Bxd4 exd4 27. c5 Bg7 28. cxd6 Qxd6 29. e5 Qb6 30. b5 Rfe8 31. a4 Rad8 32. Kh1 Re7 33. Rc4 g5 34. g3 Kh8 35. Rd1 gxf4 36. gxf4 f6 37. Rxd4 Rxd4 38. Qxd4 Qxd4 39. Rxd4 Kg8 40. e6 Bf8 41. Bf5 Rc7 42. Kg2 Kg7 43. Rd8 Be7 44. Re8 b6 45. Kf3 Bd6 46. Rd8 Be7 47. Rb8 Rc5 48. Rb7 Kf8 49. Bg6 f5 50. h4 h5 51. Bxh5 Bxh4 52. Rf7+ Kg8 53. Bg6 Rc3+ 54. Ke2 Rc4 55. Bxf5 Rxa4 56. Kf3 1-0

[Event "General Pico op"]
[Site "General Pico"]
[Date "2019.04.05"]
[Round "2"]
[White "Leskovar, Matias"]
[Black "Acevedo, Fernando"]
[Result "1-0"]
[WhiteElo "2285"]
[BlackElo "1801"]
[PlyCount "91"]
[EventDate "2019.04.05"]
[EventType "swiss"]
[EventRounds "6"]
[EventCountry "ARG"]
[SourceTitle "CBM 190 Extra"]
[Source "ChessBase"]
[SourceDate "2019.07.15"]
[SourceVersion "1"]
[SourceVersionDate "2019.07.15"]
[SourceQuality "1"]

1. d4 d5 2. Nf3 Nf6 3. g3 e6 4. Bg2 Bd6 5. 0-0 0-0 6. b3 b6 7. Bb2 Bb7 8. c4 Nbd7 9. Nc3 a6 10. Qc2 Rc8 11. Rfd1 Qe7 12. Ng5 h6 13. Nh3 Rfd8 14. e4 dxe4 15. Nxe4 Bxe4 16. Bxe4 Nxe4 17. Qxe4 Nf6 18. Qf3 Ba3 19. Bc3 Bb4 20. Nf4 Bxc3 21. Qxc3 c6 22. Qe3 b5 23. Rac1 Qa3 24. Qe2 Kf8 25. Rc2 Qe7 26. Rcd2 Rc7 27. Qf3 Rdc8 28. Nd3 bxc4 29. bxc4 Qa3 30. Qe2 Rb7 31. Nc5 Re7 32. Rd3 Qa5 33. Qb2 Nd7 34. Ra3 Qd8 35. Qb4 Kg8 36. Rxa6 Ne5 37. Qb3 Nd7 38. Ne4 Nb8 39. Ra8 Rec7 40. c5 Nd7 41. Rxc8 Rxc8 42. Qb7 Rc7 43. Qb1 Qa8 44. Rd3 Ra7 45. Rd2 Ra3 46. Nd6 1-0

[Event "Rio Negro IRT"]
[Site "Rio Negro"]
[Date "2018.08.20"]
[Round "6.4"]
[White "Huenul, Marcelino"]
[Black "Leskovar, Matias"]
[Result "0-1"]
[WhiteElo "1848"]
[BlackElo "2296"]
[PlyCount "62"]
[EventDate "2018.08.17"]
[EventType "tourn"]
[EventRounds "6"]
[EventCountry "ARG"]
[SourceTitle "EXT 2024"]
[Source "ChessBase"]
[SourceDate "2023.10.10"]
[SourceVersion "1"]
[SourceVersionDate "2023.10.10"]
[SourceQuality "1"]

1. e4 c6 2. d4 d5 3. e5 Bf5 4. g4 Be4 5. f3 Bg6 6. h4 h5 7. e6 Qd6 8. exf7+ Bxf7 9. Ne2 e5 10. g5 Nd7 11. Nbc3 g6 12. Be3 Bg7 13. Qd2 Ne7 14. 0-0-0 Nf5 15. Bf2 0-0 16. Bh3 Be6 17. Rdf1 b5 18. Bxf5 Bxf5 19. Bg3 b4 20. Nd1 c5 21. Ne3 Qa6 22. dxe5 d4 23. Nxf5 Rxf5 24. Kb1 Nxe5 25. Bxe5 Rxe5 26. Ng3 c4 27. Qxb4 Kh8 28. Re1 Rb5 29. Qe7 Rab8 30. b3 cxb3 31. cxb3 Rxb3+ 0-1

[Event "Rio Negro IRT"]
[Site "Rio Negro"]
[Date "2018.08.??"]
[Round "2.1"]
[White "Correa, Leonardo Aluhe"]
[Black "Leskovar, Matias"]
[Result "0-1"]
[WhiteElo "1729"]
[BlackElo "2296"]
[PlyCount "52"]
[EventDate "2018.08.17"]
[EventType "tourn"]
[EventRounds "6"]
[EventCountry "ARG"]
[SourceTitle "EXT 2024"]
[Source "ChessBase"]
[SourceDate "2023.10.10"]
[SourceVersion "1"]
[SourceVersionDate "2023.10.10"]
[SourceQuality "1"]

1. e4 e5 2. Bc4 Nf6 3. d4 exd4 4. Nf3 Nc6 5. e5 d5 6. Bb5 Ne4 7. Nxd4 Bd7 8. Bxc6 bxc6 9. 0-0 Bc5 10. f3 Ng5 11. f4 Ne4 12. Be3 Qe7 13. c3 0-0 14. Nd2 Nxd2 15. Qxd2 Bb6 16. f5 c5 17. f6 Qxe5 18. fxg7 Rfe8 19. Nc2 Bf5 20. Rae1 Be4 21. Qf2 Qxg7 22. Qd2 Qg6 23. Rf2 Bxc2 24. Qxc2 d4 25. Qxg6+ hxg6 26. Bd2 dxc3 0-1

[Event "PRO League Stage"]
[Site "Chess.com INT"]
[Date "2017.02.15"]
[Round "6"]
[White "Preotu, Razvan"]
[Black "Leskovar, Matias"]
[Result "1/2-1/2"]
[WhiteElo "2495"]
[BlackElo "2306"]
[PlyCount "76"]
[EventDate "2017.01.11"]
[EventType "team-swiss (rapid)"]
[EventRounds "7"]
[EventCountry "USA"]
[SourceTitle "CBM 176 Extra"]
[Source "ChessBase"]
[SourceDate "2017.03.02"]
[SourceVersion "1"]
[SourceVersionDate "2017.03.02"]
[SourceQuality "1"]
[WhiteTeam "Toronto Dragons"]
[BlackTeam "Patagonia Penguins"]
[WhiteTeamCountry "CAN"]
[BlackTeamCountry "ARG"]

1. e4 e5 2. Nf3 Nc6 3. d4 exd4 4. Nxd4 Bc5 5. Nb3 Bb6 6. Nc3 d6 7. Qe2 Nge7 8. Be3 Be6 9. 0-0-0 0-0 10. f4 Qc8 11. f5 Bxb3 12. axb3 f6 13. g4 Ne5 14. Rg1 g5 15. fxg6 hxg6 16. h4 Kg7 17. Bh3 Rh8 18. Rdf1 Rxh4 19. g5 f5 20. exf5 Rxh3 21. f6+ Kg8 22. Bxb6 axb6 23. fxe7 Qe6 24. Kb1 Qxe7 25. Nd5 Qd8 26. Nf6+ Kg7 27. Rh1 Qh8 28. Qg2 Rh4 29. Qxb7 Rf8 30. Qxc7+ Rf7 31. Rxh4 Qxh4 32. Ne8+ Kg8 33. Rxf7 Qe1+ 34. Ka2 Qa5+ 35. Kb1 Qe1+ 36. Ka2 Qa5+ 37. Kb1 Qe1+ 38. Ka2 Qa5+ 1/2-1/2

[Event "PRO League Atlantic"]
[Site "Chess.com INT"]
[Date "2017.01.25"]
[Round "3"]
[White "Leskovar, Matias"]
[Black "Quesada Perez, Yuniesky"]
[Result "0-1"]
[WhiteElo "2306"]
[BlackElo "2630"]
[PlyCount "102"]
[EventDate "2017.01.11"]
[EventType "team-swiss (rapid)"]
[EventRounds "7"]
[EventCountry "USA"]
[SourceTitle "CBM 176 Extra"]
[Source "ChessBase"]
[SourceDate "2017.03.02"]
[SourceVersion "1"]
[SourceVersionDate "2017.03.02"]
[SourceQuality "1"]
[WhiteTeam "Patagonia Penguins"]
[BlackTeam "Miami Champions"]
[WhiteTeamCountry "ARG"]
[BlackTeamCountry "UAE"]

1. d4 Nf6 2. Bg5 e6 3. e4 h6 4. Bxf6 Qxf6 5. Nc3 Bb4 6. Qd3 0-0 7. Nge2 d6 8. a3 Ba5 9. f4 e5 10. b4 Bb6 11. Nd5 Qd8 12. dxe5 dxe5 13. f5 Nd7 14. Ng3 Nf6 15. Nxb6 axb6 16. Qxd8 Rxd8 17. Bd3 Bd7 18. Ke2 c5 19. bxc5 bxc5 20. Rhb1 Bc6 21. h3 Ra4 22. c4 Rd4 23. Ke3 h5 24. Ne2 Rxd3+ 25. Kxd3 Bxe4+ 26. Kd2 Bxb1 27. Rxb1 Rxa3 28. Rxb7 Ne4+ 29. Kc2 Re3 30. Nc1 Rc3+ 31. Kb2 Rxc4 32. Nd3 f6 33. g4 hxg4 34. hxg4 Rd4 35. Kc2 c4 36. Ne1 Rd2+ 37. Kc1 c3 38. Rc7 Re2 39. Nf3 Kh7 40. g5 fxg5 41. Nxe5 Nf2 42. Nf3 g4 43. Ng5+ Kh6 44. Nf7+ Kh5 45. Rxc3 Ne4 46. Rc8 g3 47. Rh8+ Kg4 48. Rh7 g2 49. Rxg7+ Kh3 50. Rh7+ Kg3 51. Rg7+ Kf2 0-1

[Event "PRO League Atlantic"]
[Site "Chess.com INT"]
[Date "2017.01.18"]
[Round "2"]
[White "Mareco, Sandro"]
[Black "Leskovar, Matias"]
[Result "1-0"]
[WhiteElo "2645"]
[BlackElo "2306"]
[PlyCount "51"]
[EventDate "2017.01.11"]
[EventType "team-swiss (rapid)"]
[EventRounds "7"]
[EventCountry "USA"]
[SourceTitle "CBM 176 Extra"]
[Source "ChessBase"]
[SourceDate "2017.03.02"]
[SourceVersion "1"]
[SourceVersionDate "2017.03.02"]
[SourceQuality "1"]
[WhiteTeam "Buenos Aires Krakens"]
[BlackTeam "Patagonia Penguins"]
[WhiteTeamCountry "ARG"]
[BlackTeamCountry "ARG"]

1. c4 Nf6 2. Nf3 e6 3. g3 d5 4. Bg2 Be7 5. 0-0 0-0 6. d4 c6 7. Qc2 Nbd7 8. Nbd2 b6 9. e4 dxe4 10. Nxe4 Bb7 11. Rd1 Nxe4 12. Qxe4 Nf6 13. Qe2 Qc8 14. Bf4 Rd8 15. Rac1 Bd6 16. Bxd6 Rxd6 17. c5 Rd8 18. Ne5 Nd5 19. Be4 Qc7 20. a3 g6 21. h4 f6 22. cxb6 axb6 23. Nxc6 Bxc6 24. Bxd5 exd5 25. Qe6+ Qf7 26. Rxc6 1-0

[Event "Mar del Plata op 47th"]
[Site "Mar del Plata"]
[Date "2016.03.25"]
[Round "8"]
[White "Paveto, Kevin"]
[Black "Leskovar, Matias"]
[Result "1-0"]
[WhiteElo "2454"]
[BlackElo "2287"]
[PlyCount "73"]
[EventDate "2016.03.19"]
[EventType "swiss"]
[EventRounds "9"]
[EventCountry "ARG"]
[SourceTitle "CBM 171 Extra"]
[Source "ChessBase"]
[SourceDate "2016.04.26"]
[SourceVersion "1"]
[SourceVersionDate "2016.04.26"]
[SourceQuality "1"]

1. e4 c6 2. d4 d5 3. e5 Bf5 4. h4 Qb6 5. g4 Bd7 6. Nc3 e6 7. a4 Bb4 8. Nge2 c5 9. Be3 cxd4 10. Nxd4 Qc7 11. Ndb5 Bxb5 12. Bxb5+ Nc6 13. Qd4 Ba5 14. 0-0-0 a6 15. Bxc6+ bxc6 16. b4 c5 17. Qxc5 Rc8 18. Qxc7 Bxc7 19. f4 f6 20. Rhe1 Nh6 21. exf6 gxf6 22. Bd2 d4 23. f5 Be5 24. Bxh6 Rxc3 25. g5 Kf7 26. fxe6+ Ke7 27. Bg7 Rhc8 28. Bxf6+ Bxf6 29. gxf6+ Kxf6 30. e7 Kf7 31. e8Q+ Rxe8 32. Rxe8 Kxe8 33. Rxd4 h5 34. Kb2 Rg3 35. b5 axb5 36. axb5 Ke7 37. c3 1-0

[Event "Mar del Plata op 47th"]
[Site "Mar del Plata"]
[Date "2016.03.20"]
[Round "2"]
[White "Varacalli, Francisco"]
[Black "Leskovar, Matias"]
[Result "1-0"]
[WhiteElo "2038"]
[BlackElo "2287"]
[PlyCount "111"]
[EventDate "2016.03.19"]
[EventType "swiss"]
[EventRounds "9"]
[EventCountry "ARG"]
[SourceTitle "CBM 171 Extra"]
[Source "ChessBase"]
[SourceDate "2016.04.26"]
[SourceVersion "1"]
[SourceVersionDate "2016.04.26"]
[SourceQuality "1"]

1. e4 e5 2. Nf3 d6 3. d4 exd4 4. Nxd4 Nf6 5. Nc3 g6 6. g3 Bg4 7. Qd3 c5 8. Nf3 Nc6 9. Bg2 Bg7 10. h3 Nb4 11. Qe2 Bxf3 12. Bxf3 0-0 13. 0-0 Re8 14. Qd1 Qd7 15. Bg2 Rad8 16. Be3 Nc6 17. Re1 b5 18. Bg5 h6 19. Bxf6 Bxf6 20. Nd5 Bg7 21. c3 Ne7 22. Ne3 b4 23. Qd2 bxc3 24. bxc3 Nc6 25. Nd5 Ne5 26. Qc2 Nc4 27. Bf1 Nb6 28. Nxb6 axb6 29. Rab1 Qa7 30. Bc4 Kh7 31. Re3 f5 32. exf5 Rxe3 33. fxg6+ Kh8 34. fxe3 Qe7 35. e4 Qg5 36. Kg2 Qxg6 37. Rxb6 Rf8 38. Rb2 Be5 39. Qd3 Qf6 40. Rc2 h5 41. h4 Qg6 42. Rf2 Rxf2+ 43. Kxf2 Kg7 44. Qf3 Qf6 45. Qxf6+ Kxf6 46. Be2 Kg6 47. c4 Bc3 48. Kf3 Bd2 49. Kf2 Bc3 50. Bd1 Bd2 51. Ba4 Bc3 52. Be8+ Kh6 53. Kf3 Bd2 54. a4 Bc3 55. Kf4 Be1 56. Kf5 1-0

[Event "American Continental 08th"]
[Site "Mar del Plata"]
[Date "2012.10.16"]
[Round "6"]
[White "Leskovar, Matias"]
[Black "Epelboim, Matias"]
[Result "1/2-1/2"]
[WhiteElo "2283"]
[BlackElo "1941"]
[PlyCount "69"]
[EventDate "2012.10.12"]
[EventType "swiss"]
[EventRounds "11"]
[EventCountry "ARG"]
[SourceTitle "EXT 2013"]
[Source "ChessBase"]
[SourceDate "2012.11.22"]
[SourceVersion "1"]
[SourceVersionDate "2012.11.22"]
[SourceQuality "1"]

1. e4 e5 2. Nf3 Nc6 3. Bb5 a6 4. Bxc6 dxc6 5. 0-0 Qf6 6. d4 exd4 7. Bg5 Qd6 8. Nxd4 f6 9. Bh4 Bd7 10. Bg3 Qb4 11. Nb3 0-0-0 12. Nc3 h5 13. Qe2 h4 14. a3 Qe7 15. Bf4 g5 16. Be3 Nh6 17. Nc5 Ng4 18. Nxd7 Qxd7 19. Rad1 Qe6 20. Rxd8+ Kxd8 21. f4 Nxe3 22. Qxe3 Qc4 23. Rd1+ Kc8 24. Qh3+ Kb8 25. f5 Bc5+ 26. Kh1 Bd6 27. Qd3 Qc5 28. Qd4 Qxd4 29. Rxd4 Be5 30. Rd3 Rc8 31. Kg1 Re8 32. Nd1 Bd6 33. Nc3 Be5 34. Nd1 Bd6 35. Nc3 1/2-1/2

[Event "Latin Cup"]
[Site "Montevideo"]
[Date "2011.11.05"]
[Round "7"]
[White "Leskovar, Matias"]
[Black "Valenzuela Gomez, Fernando Alberto"]
[Result "1-0"]
[WhiteElo "2280"]
[BlackElo "2151"]
[PlyCount "67"]
[EventDate "2011.11.01"]
[EventType "swiss"]
[EventRounds "9"]
[EventCountry "URU"]
[SourceTitle "EXT 2012"]
[Source "ChessBase"]
[SourceDate "2011.11.24"]
[SourceVersion "1"]
[SourceVersionDate "2011.11.24"]
[SourceQuality "1"]

1. d4 Nf6 2. Bg5 b6 3. Nf3 Bb7 4. Nbd2 e6 5. e4 h6 6. Bxf6 Qxf6 7. Bd3 d6 8. c3 Nd7 9. Qa4 a6 10. e5 Qd8 11. exd6 cxd6 12. 0-0 Be7 13. Be4 d5 14. Bd3 0-0 15. Rae1 Rc8 16. Bb1 g6 17. Qc2 Rc6 18. Re3 Bf6 19. Rfe1 Re8 20. Nf1 Qc7 21. h4 h5 22. Qe2 Qd8 23. g3 b5 24. N1h2 Rf8 25. Ne5 Nxe5 26. dxe5 Bg7 27. Nf3 Qb6 28. Nd4 Rc7 29. g4 hxg4 30. Qxg4 Bh6 31. Rf3 f5 32. exf6 e5 33. Qxg6+ Kh8 34. Qxh6+ 1-0

[Event "Latin Cup"]
[Site "Montevideo"]
[Date "2011.11.04"]
[Round "6"]
[White "Daneri, Martin"]
[Black "Leskovar, Matias"]
[Result "0-1"]
[WhiteElo "2110"]
[BlackElo "2280"]
[PlyCount "90"]
[EventDate "2011.11.01"]
[EventType "swiss"]
[EventRounds "9"]
[EventCountry "URU"]
[SourceTitle "EXT 2012"]
[Source "ChessBase"]
[SourceDate "2011.11.24"]
[SourceVersion "1"]
[SourceVersionDate "2011.11.24"]
[SourceQuality "1"]

1. b3 e5 2. Bb2 Nc6 3. e3 d5 4. Bb5 Bd6 5. Nf3 Qe7 6. d4 e4 7. Ne5 Bd7 8. Nxd7 Qxd7 9. c4 Nf6 10. cxd5 Bb4+ 11. Bc3 Nxd5 12. Bxb4 Ndxb4 13. a3 Nd5 14. Qc2 f5 15. Bxc6 bxc6 16. 0-0 0-0 17. Rc1 Rf6 18. Nd2 Re8 19. g3 Rh6 20. h4 f4 21. exf4 e3 22. Nf3 Nxf4 23. Ng5 exf2+ 24. Qxf2 Ne2+ 25. Kh2 Rf6 26. Qg2 Nxc1 27. Rxc1 Qxd4 28. Rc2 h6 29. Nh3 Qe4 30. Qd2 Rd6 31. Qc1 Qe1 32. Qxe1 Rxe1 33. Nf4 Re3 34. Rb2 g5 35. hxg5 hxg5 36. Nh3 Rdd3 37. Nxg5 Rxg3 38. Ne4 Rh3+ 39. Kg2 Rhe3 40. Nc5 Rc3 41. Kf2 Rh3 42. Kg2 Rcg3+ 43. Kf2 Rg5 44. Ne4 Rh2+ 45. Kf3 Rxb2 0-1

[Event "Latin Cup"]
[Site "Montevideo"]
[Date "2011.11.02"]
[Round "2"]
[White "Milan, Julio"]
[Black "Leskovar, Matias"]
[Result "0-1"]
[WhiteElo "1682"]
[BlackElo "2280"]
[PlyCount "44"]
[EventDate "2011.11.01"]
[EventType "swiss"]
[EventRounds "9"]
[EventCountry "URU"]
[SourceTitle "EXT 2012"]
[Source "ChessBase"]
[SourceDate "2011.11.24"]
[SourceVersion "1"]
[SourceVersionDate "2011.11.24"]
[SourceQuality "1"]

1. e4 e5 2. Nf3 Nc6 3. Bc4 Bc5 4. Nc3 Nf6 5. 0-0 d6 6. d3 Bg4 7. Nd5 Nxd5 8. Bxd5 Nd4 9. Bxf7+ Kxf7 10. Ng5+ Qxg5 11. Bxg5 Bxd1 12. Raxd1 Nxc2 13. Rc1 Nb4 14. d4 exd4 15. e5 Nd3 16. Rc2 Nxe5 17. Kh1 Rhe8 18. b4 Bb6 19. a4 a5 20. b5 Kg6 21. f4 Ng4 22. g3 Ne3 0-1

[Event "Necochea-B"]
[Site "Necochea"]
[Date "2007.02.23"]
[Round "5"]
[White "Leskovar, Matias"]
[Black "Shcherbine, Andrei"]
[Result "0-1"]
[WhiteElo "2297"]
[BlackElo "2238"]
[PlyCount "120"]
[EventDate "2007.02.20"]
[EventType "tourn"]
[EventRounds "9"]
[EventCountry "ARG"]
[EventCategory "2"]
[SourceTitle "CBM 116 Extra"]
[Source "ChessBase"]
[SourceDate "2007.03.07"]
[SourceVersion "1"]
[SourceVersionDate "2007.03.07"]
[SourceQuality "1"]

1. e4 c5 2. Nc3 Nc6 3. f4 d6 4. Nf3 Bg4 5. Bb5 e6 6. 0-0 Nge7 7. h3 Bxf3 8. Qxf3 a6 9. Bd3 Nd4 10. Qf2 Nec6 11. Nd1 Nb4 12. Ne3 Nxd3 13. cxd3 Be7 14. b3 Bh4 15. g3 Bxg3 16. Qg2 Qh4 17. f5 Be5 18. Rb1 exf5 19. exf5 Nc6 20. Bb2 0-0-0 21. Bc3 Rhe8 22. Nd5 Bd4+ 23. Kh1 Re5 24. Nb6+ Kc7 25. Nc4 Re7 26. Ba5+ Nxa5 27. Nxa5 d5 28. b4 b6 29. Nb3 cxb4 30. Nxd4 Qxd4 31. Qg3+ Qe5 32. Qxe5+ Rxe5 33. Rxb4 d4 34. Rc4+ Kb7 35. Rf4 Rdd5 36. f6 g6 37. Re4 Rxe4 38. dxe4 b5 39. Rb4 a5 40. exd5 axb4 41. Kg2 Kc7 42. Kf3 Kd6 43. Ke4 d3 44. h4 h6 45. Kd4 g5 46. hxg5 hxg5 47. Ke4 g4 48. Kf4 Kxd5 49. Kxg4 Ke4 50. Kg3 Ke5 51. Kf3 Kxf6 52. Ke4 Ke6 53. Kxd3 Kd5 54. Ke3 f6 55. Kf3 Kd4 56. Ke2 f5 57. Kf2 Kd3 58. Ke1 f4 59. Kd1 f3 60. Ke1 f2+ 0-1

[Event "Necochea-B"]
[Site "Necochea"]
[Date "2007.02.21"]
[Round "2"]
[White "Zuriel, Marisa"]
[Black "Leskovar, Matias"]
[Result "0-1"]
[WhiteElo "2197"]
[BlackElo "2297"]
[PlyCount "98"]
[EventDate "2007.02.20"]
[EventType "tourn"]
[EventRounds "9"]
[EventCountry "ARG"]
[EventCategory "2"]
[SourceTitle "CBM 116 Extra"]
[Source "ChessBase"]
[SourceDate "2007.03.07"]
[SourceVersion "1"]
[SourceVersionDate "2007.03.07"]
[SourceQuality "1"]

1. e4 e5 2. Nf3 Nc6 3. Bc4 Nf6 4. d3 Bc5 5. c3 d6 6. 0-0 0-0 7. Re1 Be6 8. Nbd2 Qe7 9. h3 Rad8 10. Bb3 h6 11. Nf1 Rfe8 12. Ng3 Bb6 13. Nh4 d5 14. Nhf5 Qf8 15. Qf3 dxe4 16. dxe4 Bxb3 17. axb3 Re6 18. b4 Ne7 19. Be3 Bxe3 20. Qxe3 a6 21. Nxe7+ Qxe7 22. Nf5 Qf8 23. Red1 Kh7 24. Kh2 Ng8 25. Qg3 g6 26. Ne3 Nf6 27. Qf3 Kg7 28. Nc4 b5 29. Na5 Rxd1 30. Rxd1 c5 31. bxc5 Qxc5 32. b4 Qc8 33. Nb3 Nd7 34. Qd3 Nb6 35. Nc5 Rf6 36. f3 Rc6 37. Ra1 Nc4 38. Qd5 a5 39. Qd3 Rd6 40. Qb1 a4 41. Ra2 Qd8 42. Qf1 Rd1 43. Qf2 Qg5 44. Re2 Qf4+ 45. g3 Qc1 46. Nb7 a3 47. f4 Rd2 48. Nc5 Rxe2 49. Qxe2 Qb2 0-1

[Event "Villa Ballester op 56th"]
[Site "Villa Ballester"]
[Date "2006.01.15"]
[Round "9"]
[White "Leskovar, Matias"]
[Black "Zuriel, Marisa"]
[Result "0-1"]
[WhiteElo "2317"]
[BlackElo "2229"]
[PlyCount "146"]
[EventDate "2006.01.03"]
[EventType "swiss"]
[EventRounds "9"]
[EventCountry "ARG"]
[SourceTitle "CBM 110 Extra"]
[Source "ChessBase"]
[SourceDate "2006.03.10"]
[SourceVersion "2"]
[SourceVersionDate "2006.03.10"]
[SourceQuality "1"]

1. d4 Nf6 2. Bg5 d5 3. Bxf6 exf6 4. e3 Bd6 5. Bd3 0-0 6. Nf3 Be6 7. 0-0 f5 8. Nbd2 Nd7 9. c4 c6 10. Qb1 g6 11. b4 Nf6 12. b5 Ne4 13. c5 Bc7 14. bxc6 bxc6 15. Ba6 g5 16. Qc2 g4 17. Ne5 Bxe5 18. dxe5 Qc7 19. Nxe4 dxe4 20. Qc3 Rfd8 21. Rfd1 Rd5 22. Rxd5 Bxd5 23. h3 Re8 24. hxg4 fxg4 25. Rb1 Qxe5 26. Qxe5 Rxe5 27. Rb7 Bxa2 28. Rxa7 Be6 29. Rc7 Rxc5 30. Kh2 Kg7 31. Kg3 h5 32. f3 exf3 33. gxf3 gxf3 34. Kxf3 Kf6 35. Bd3 Ke5 36. Ra7 Rc3 37. Ra5+ Bd5+ 38. Ke2 f5 39. Ra8 Bc4 40. Bxc4 Rxc4 41. Kd3 Rg4 42. Re8+ Kd5 43. Rf8 Rg5 44. Rd8+ Kc5 45. Rh8 Kd6 46. Rd8+ Ke7 47. Rh8 Kd7 48. Kd4 Rg4+ 49. Ke5 Re4+ 50. Kxf5 Rxe3 51. Rxh5 Kd6 52. Kf4 Re1 53. Kf3 c5 54. Kf2 Re8 55. Rh1 Kd5 56. Rd1+ Kc4 57. Rc1+ Kb4 58. Rb1+ Ka3 59. Rc1 Re5 60. Kf3 Kb2 61. Kf4 Rh5 62. Rd1 Kc2 63. Rd8 c4 64. Ke3 Rh3+ 65. Ke2 Rd3 66. Rc8 c3 67. Rc7 Rd5 68. Re7 Kc1 69. Re8 Rd2+ 70. Ke1 c2 71. Rh8 Rd1+ 72. Ke2 Kb2 73. Rb8+ Ka3 0-1